| 000 | 00551nam a2200181Ia 4500 | ||
|---|---|---|---|
| 008 | 151018s9999 xx 000 0 und d | ||
| 082 |
_bRBASDV46927 _a294.59 |
||
| 100 | _aकेदार नाथ व्यास | ||
| 245 | _aरामायण | ||
| 250 | _b1 | ||
| 260 |
_bअनुराधा प्रकाशन _c2008 |
||
| 300 | _a60 | ||
| 600 | _aकेदार नाथ व्यास | ||
| 630 | _aरामायण | ||
| 700 | _aकेदार नाथ व्यास | ||
| 730 | _aरामायण | ||
| 942 | _cBOOK | ||
| 999 |
_c1046076 _d1046073 |
||